000 00293nam a2200109 a 4500
005 20201002044925.0
008 140403s1971 000 spa d
100 _aCastelo Branco, Camilo
_960479
245 0 _aAmor de perdición.
260 _aMadrid -- Libra,
_c1971 -- 179 p.
999 _c43185
_d43185
040 _aDO-SdBNP